[Event "FICGS rapid C 000112 email"]
[Site "FICGS email"]
[Date "2013.04.16"]
[Round "1"]
[White "Michow, Jordan"]
[Black "Wilson, Jaimie"]
[Result "0-1"]
[WhiteElo "1641"]
[BlackElo "1667"]
[PlyCount "48"]
[EventDate "2013.??.??"]
[EventType "tourn (rapid)"]
[EventRounds "4"]
[SourceTitle "Corr 2022"]
[Source "ChessBase"]
[SourceDate "2021.10.24"]
[SourceVersion "1"]
[SourceVersionDate "2021.10.24"]
[SourceQuality "1"]

1. e4 e6 2. d4 d5 3. e5 c5 4. Nf3 cxd4 5. Nxd4 Ne7 6. Bb5+ Bd7 7. 0-0 Bxb5 8. Nxb5 Ng6 9. Re1 Nc6 10. f4 Qb6+ 11. Kh1 Qxb5 12. Qd3 Qxd3 13. cxd3 Nb4 14. Re2 Nxd3 15. Nc3 Ngxf4 16. Bxf4 Nxf4 17. Rd2 Bb4 18. Rd4 Bxc3 19. bxc3 Ne2 20. Rd3 Rc8 21. Re1 Rxc3 22. Rxc3 Nxc3 23. Rc1 d4 24. a3 Ke7 0-1

[Event "FICGS rapid C 000112 email"]
[Site "FICGS email"]
[Date "2013.04.16"]
[Round "1"]
[White "Munoz Portugal, Guillermo"]
[Black "Michow, Jordan"]
[Result "1-0"]
[WhiteElo "1600"]
[BlackElo "1641"]
[PlyCount "33"]
[EventDate "2013.??.??"]
[EventType "tourn (rapid)"]
[EventRounds "4"]
[SourceTitle "Corr 2022"]
[Source "ChessBase"]
[SourceDate "2021.10.24"]
[SourceVersion "1"]
[SourceVersionDate "2021.10.24"]
[SourceQuality "1"]

1. Nf3 d5 2. d4 Nc6 3. c4 Bg4 4. Nc3 dxc4 5. d5 Bxf3 6. exf3 Ne5 7. Bf4 Nd3+ 8. Bxd3 cxd3 9. 0-0 c6 10. Qa4 Qd7 11. Rad1 b5 12. Qa6 Rc8 13. Ne4 cxd5 14. Rc1 Ra8 15. Nc5 Qf5 16. Qc6+ Kd8 17. Nb7# 1-0

[Event "FICGS rapid C 000111 email"]
[Site "FICGS email"]
[Date "2013.03.09"]
[Round "1"]
[White "Michow, Jordan"]
[Black "Satonnet, Patrick"]
[Result "0-1"]
[WhiteElo "1641"]
[BlackElo "1641"]
[PlyCount "28"]
[EventDate "2013.??.??"]
[EventType "tourn (rapid)"]
[EventRounds "4"]
[SourceTitle "Corr 2022"]
[Source "ChessBase"]
[SourceDate "2021.10.24"]
[SourceVersion "1"]
[SourceVersionDate "2021.10.24"]
[SourceQuality "1"]

1. e4 e6 2. Nf3 b6 3. d4 Bb7 4. Bd3 Nf6 5. Bg5 h6 6. Bxf6 Qxf6 7. 0-0 g5 8. h3 h5 9. Ne5 d6 10. Nf3 g4 11. e5 Qg7 12. hxg4 hxg4 13. Ne1 Qh6 14. f4 g3 0-1

[Event "FICGS rapid C 000111 email"]
[Site "FICGS email"]
[Date "2013.03.09"]
[Round "1"]
[White "Uzzaman, Ashik"]
[Black "Michow, Jordan"]
[Result "1-0"]
[WhiteElo "1527"]
[BlackElo "1641"]
[PlyCount "53"]
[EventDate "2013.??.??"]
[EventType "tourn (rapid)"]
[EventRounds "4"]
[SourceTitle "Corr 2022"]
[Source "ChessBase"]
[SourceDate "2021.10.24"]
[SourceVersion "1"]
[SourceVersionDate "2021.10.24"]
[SourceQuality "1"]

1. e4 e6 2. d4 Nf6 3. e5 Nd5 4. c4 Ne7 5. Nc3 Nec6 6. Nf3 Bb4 7. a3 Bxc3+ 8. bxc3 0-0 9. d5 Ne7 10. Bg5 Qe8 11. Bd3 Ng6 12. 0-0 f5 13. exf6 h6 14. fxg7 Kxg7 15. Be3 e5 16. Bxg6 Qxg6 17. Nxe5 Qf5 18. Qd4 Kh7 19. c5 d6 20. cxd6 cxd6 21. Nc4 Rf6 22. Rab1 b6 23. Rfd1 Nd7 24. Nd2 Nc5 25. c4 Bd7 26. Nf3 Rg8 27. Nh4 1-0

[Event "FICGS class C 000186 email"]
[Site "FICGS email"]
[Date "2012.02.03"]
[Round "1"]
[White "Michow, Jordan"]
[Black "Tsimbalenko, Dmitry"]
[Result "0-1"]
[WhiteElo "1800"]
[BlackElo "1800"]
[PlyCount "52"]
[EventDate "2012.??.??"]
[EventType "tourn (corr)"]
[EventRounds "4"]
[SourceTitle "Corr 2022"]
[Source "ChessBase"]
[SourceDate "2021.10.24"]
[SourceVersion "1"]
[SourceVersionDate "2021.10.24"]
[SourceQuality "1"]

1. e4 e5 2. Nf3 Nc6 3. Bb5 a6 4. Bxc6 dxc6 5. h3 Bc5 6. c3 Qd3 7. Qe2 Qxe2+ 8. Kxe2 f6 9. b4 Bd6 10. d4 exd4 11. Nxd4 c5 12. bxc5 Bxc5 13. Ba3 Bxa3 14. Nxa3 Ne7 15. Nc4 Bd7 16. Ke3 0-0-0 17. Rhb1 Rhe8 18. Kf3 f5 19. e5 Ng6 20. e6 Bxe6 21. Ne3 f4 22. Nxe6 Rxe6 23. Nf5 Re5 24. Kg4 Rdd5 25. c4 Rc5 26. Rc1 Rxf5 0-1

[Event "FICGS class C 000166 email"]
[Site "FICGS email"]
[Date "2012.01.21"]
[Round "1"]
[White "Michow, Jordan"]
[Black "Abashidze, Paata"]
[Result "1-0"]
[WhiteElo "1800"]
[BlackElo "1800"]
[PlyCount "47"]
[EventDate "2012.??.??"]
[EventType "tourn (corr)"]
[EventRounds "1"]
[SourceTitle "Corr 2022"]
[Source "ChessBase"]
[SourceDate "2021.10.24"]
[SourceVersion "1"]
[SourceVersionDate "2021.10.24"]
[SourceQuality "1"]

1. e4 e5 2. f4 exf4 3. Bc4 Qe7 4. d4 Qxe4+ 5. Qe2 Qxe2+ 6. Nxe2 g5 7. 0-0 Bg7 8. c3 d6 9. Nd2 f5 10. Bxg8 Rxg8 11. h3 h5 12. Nf3 Bf6 13. Re1 Kd7 14. Kf1 g4 15. hxg4 fxg4 16. Nh2 f3 17. Nf4 g3 18. Nxf3 h4 19. Nh5 Bd8 20. d5 Be7 21. Kg1 Kd8 22. Nd4 Bg4 23. Nf4 Nd7 24. Nde6+ 1-0

[Event "FICGS class C 000166 email"]
[Site "FICGS email"]
[Date "2012.01.21"]
[Round "1"]
[White "Michow, Jordan"]
[Black "Lois, Spyros"]
[Result "1-0"]
[WhiteElo "1800"]
[BlackElo "1801"]
[PlyCount "89"]
[EventDate "2012.??.??"]
[EventType "tourn (corr)"]
[EventRounds "1"]
[SourceTitle "Corr 2022"]
[Source "ChessBase"]
[SourceDate "2021.10.24"]
[SourceVersion "1"]
[SourceVersionDate "2021.10.24"]
[SourceQuality "1"]

1. e4 c5 2. Nf3 Nc6 3. d4 cxd4 4. Nxd4 Nf6 5. Nc3 d6 6. Bb5 Bd7 7. Nxc6 bxc6 8. Bd3 g6 9. Bg5 Bg7 10. h3 Rb8 11. Rb1 0-0 12. 0-0 Qa5 13. Bd2 Be6 14. Nd5 Qd8 15. Nxf6+ Bxf6 16. b3 Qc7 17. Qe1 c5 18. c4 Bd4 19. Be3 Bg7 20. f4 a5 21. f5 Bd7 22. Qh4 Bc6 23. Bh6 Bd4+ 24. Kh1 Rfe8 25. fxg6 fxg6 26. Rf3 Bf6 27. Qf2 a4 28. Qg3 axb3 29. axb3 Qb7 30. Bc2 Bxe4 31. Bxe4 Qxe4 32. Re1 Qh4 33. Qxh4 Bxh4 34. g3 Bf6 35. h4 Ra8 36. Kh2 Bd4 37. Bg5 e6 38. Ref1 e5 39. Rf6 e4 40. Rxd6 e3 41. Bf6 e2 42. Re1 Ra1 43. Bxd4 Rxe1 44. Bc3 Rc8 45. Bxe1 1-0

[Event "FICGS rapid B 000191 email"]
[Site "FICGS email"]
[Date "2012.01.02"]
[Round "1"]
[White "Michow, Jordan"]
[Black "Pentru, Oana"]
[Result "0-1"]
[WhiteElo "1800"]
[BlackElo "1800"]
[PlyCount "42"]
[EventDate "2012.??.??"]
[EventType "tourn (rapid)"]
[EventRounds "6"]
[SourceTitle "Corr 2022"]
[Source "ChessBase"]
[SourceDate "2021.10.24"]
[SourceVersion "1"]
[SourceVersionDate "2021.10.24"]
[SourceQuality "1"]

1. e4 e6 2. d4 d5 3. e5 c5 4. Nf3 Nc6 5. Bb5 Bd7 6. c3 Nxe5 7. Bxd7+ Nxd7 8. Be3 Qb6 9. b3 Ngf6 10. Nbd2 Bd6 11. h3 0-0 12. 0-0 h6 13. Qe2 Rac8 14. Rfc1 cxd4 15. Bxd4 Qc7 16. c4 Rfe8 17. Bxf6 Nxf6 18. Rc2 a6 19. Nd4 Bc5 20. Qd3 Qb6 21. N2f3 e5 0-1

[Event "FICGS rapid B 000191 email"]
[Site "FICGS email"]
[Date "2012.01.02"]
[Round "1"]
[White "Pech, Stepan"]
[Black "Michow, Jordan"]
[Result "0-1"]
[WhiteElo "1590"]
[BlackElo "1800"]
[PlyCount "22"]
[EventDate "2012.??.??"]
[EventType "tourn (rapid)"]
[EventRounds "6"]
[SourceTitle "Corr 2022"]
[Source "ChessBase"]
[SourceDate "2021.10.24"]
[SourceVersion "1"]
[SourceVersionDate "2021.10.24"]
[SourceQuality "1"]

1. e4 e5 2. Nf3 Nc6 3. Bb5 d6 4. d4 Bd7 5. Nc3 Qe7 6. Bg5 f6 7. Be3 a6 8. Nd5 Qd8 9. Bc4 b5 10. Bb3 Nge7 11. dxe5 Nxd5 0-1